Distillation /

Guardado en:
Autor Principal: Van Winkle, Matthew, 1910-
Formato: Libro
Idioma:English
Publicado: New York : McGraw-Hill, c1967.
Series:McGraw-Hill chemical engineering series
Materias:
Etiquetas: Agregar Etiqueta
Sin Etiquetas, Sea el primero en etiquetar este registro!
LEADER 00706nam a22002175a 4500
001 EIQ.libpla002110
008 710924s1967####nyua#####b####001#0#eng#d
005 20070419191208.0
245 1 0 |a Distillation /  |c Matthew Van Winkle. 
260 |a New York :  |b McGraw-Hill,  |c c1967. 
300 |a xiii, 684 p. :  |b il. ;  |c 23 cm. 
440 0 |a McGraw-Hill chemical engineering series 
504 |a Incluye referencias bibliográficas e índices. 
020 |a 0070671958 
100 1 |a Van Winkle, Matthew,  |d 1910- 
082 0 0 |a 660/.28425 
650 4 |a Procesos  |x Destilación. 
650 4 |a Process  |x Distillation. 
010 |a  67013203  
040 |a DLC  |c DLC  |d AR-BbSID 
859 |a AR-BbSID  |b BIB. PLAPIQUI  |h 660.284  |i V 26  |p 2723